logo

Bir Sreshtho Munshi Abdur Rouf Library
Jhenaidah Cadet College

বাংলাদেশ : (Record no. 10799)

MARC details
000 -LEADER
fixed length control field 02706nam a2200241 a 4500
001 - CONTROL NUMBER
JCCL Control Number 10799
003 - CONTROL NUMBER IDENTIFIER
JCCL marc code BD-JhCC
005 - DATE AND TIME OF LATEST TRANSACTION
control field 20190406131616.0
008 - FIXED-LENGTH DATA ELEMENTS--GENERAL INFORMATION
fixed length control field 190406s 2012bg |||| |||| 000 0 ben d
020 ## - INTERNATIONAL STANDARD BOOK NUMBER
International Standard Book Number 9844330661
035 ## - SYSTEM CONTROL NUMBER
system control number (BD-JhCC)10799
040 ## - CATALOGING SOURCE
Original cataloging agency BD-JhCC
Modifying agency BD-JhCC
041 ## - LANGUAGE CODE
Language code of Book ben
082 ## - DEWEY DECIMAL CLASSIFICATION NUMBER
Classification number 954.9205
Author mark and Year MAS 2012
100 ## - MAIN ENTRY--PERSONAL NAME
Personal name ম্যাসকারেনহাস, অ্যান্থনী
245 ## - TITLE STATEMENT
Title বাংলাদেশ :
Remainder of title রক্তের ঋণ /
Statement of responsibility, etc অ্যান্থনী ম্যাসকারেনহাস, অনু. মোহাম্মদ শাহজাহান
260 ## - PUBLICATION, DISTRIBUTION, ETC. (IMPRINT)
Place of publication, distribution, etc ঢাকা :
Name of publisher, distributor, etc হাক্কানী পাবলিশার্স,
Date of publication, distribution, etc ২০১২.
300 ## - PHYSICAL DESCRIPTION
Pagination ২১৬ পৃ. :
Dimensions ২০ সেমি.
520 ## - SUMMARY, ETC.
Summary, etc সূচীপত্র<br/><br/>* মুদ্রিত ছবি ও দলিলপত্রের তালিকা<br/>* অবতরণিকা<br/>* প্রেসিডেন্ট জিয়াউর রহমানের গুপ্ত হত্যার জন্যে অভিযুক্ত (জেনারেল কোর্ট মার্শাল কর্তৃক) ও ফাঁসিতে নিহত অফিসারদের তালিকা<br/>* প্রথম অধ্যায় : শেখ মুজিব আর মেজরবৃন্দ<br/>* দ্বিতীয় অধ্যায় : যাত্রায় ভুল<br/>* তৃতীয় অধ্যায় : মানব দেবতার পতন<br/>* চতুর্থ অধ্যায় : মুজিবের মিলিটা্রী ভীতি<br/>* পঞ্চম অধ্যায় : দুঃসময়<br/>* ষষ্ঠ অধ্যায় : মোশতাক রাজি<br/>* সপ্তম অধ্যায় : শেখ মুজিব হত্যাকাণ্ড<br/>* অষ্টম অধ্যায় : মোশতাকের ক্ষমতা গ্রহণর<br/>* নবম অধ্যায় : পাল্টা অভ্যুত্থান ও জেলহত্যা<br/>* দশম অধ্যায় : একটি স্মরণীয় রাত<br/>* একাদশ অধ্যায় : জিয়া একটি নাম একটি কিংবদন্তী<br/>* দ্বাদশ অধ্যায় : অভ্যুত্থান , বিদ্রোহ আর প্রাণদণ্ড <br/>* ত্রয়োদশ অধ্যায় : জেনারেল জিয়ার হত্যা পর্ব
650 ## - SUBJECT ADDED ENTRY--TOPICAL TERM
Topical term or geographic name as entry element History
General subdivision Bangladesh
Chronological subdivision 1971
700 ## - ADDED ENTRY--PERSONAL NAME
Personal name শাহজাহান, মোহাম্মদ
942 ## - ADDED ENTRY ELEMENTS (KOHA)
Source of classification or shelving scheme Dewey Decimal Classification
Koha item type Books
Holdings
Source of classification or shelving scheme Damaged status Not for loan Home library Current library Shelving location Date of accession Cost, normal purchase price Total Checkouts Full call number Barcode Checked out Date last seen Date checked out Copy number Koha item type
Dewey Decimal Classification     JCC Rouf Library JCC Rouf Library General Stacks 04/06/2019 213.00 2 954.9205 MAS 2012 174 06/11/2023 05/07/2023 05/07/2023 C-1 Books

JCC Library | Contacts | JCC Home

Last Update on 23 September 2017
Copyright @ 2017-2020 JCC Rouf Library
Rouf Library, Jhenidah Cadet College (JCC), Bangladesh